| 000 | 00351nam a2200133Ia 4500 | ||
|---|---|---|---|
| 008 | 240624s9999 xx 000 0 und d | ||
| 041 | _aeng | ||
| 082 | _a338.7 CAV | ||
| 100 | _aCAVUSGIL S TAMER | ||
| 245 | _aBORN GLOBAL FIRMS A NEW INTERNATIONAL EN | ||
| 260 |
_c2009 _aNew York _bBusiness Expert Press |
||
| 300 | _a128 p.; 22 cm. | ||
| 365 |
_c _b30 |
||
| 999 |
_c30063 _d30063 |
||